Jihoafrická republika

Základná charakteristika hospodárskej politiky Juhoafrickej republiky. Zahranično-obchodné vzťahy Juhoafrickej republiky. Obchodné vzťahy Českej republiky a JAR. Perspektívne trhové sektrory a komodity.

Guardado en:
Detalles Bibliográficos
Autor principal: Malý, Petr
Formato: Capítulo de libro
Lenguaje:checo
Materias:
Etiquetas: Agregar Etiqueta
Sin Etiquetas, Sea el primero en etiquetar este registro!

MARC

LEADER 00000naa a2200000 4500
001 r034437
005 20230920095721.1
041 0 |a cze 
044 |a CZ 
245 1 0 |a Jihoafrická republika  |c Petr Malý 
520 |a Základná charakteristika hospodárskej politiky Juhoafrickej republiky. Zahranično-obchodné vzťahy Juhoafrickej republiky. Obchodné vzťahy Českej republiky a JAR. Perspektívne trhové sektrory a komodity. 
610 2 0 |a obchod zahraničný 
610 2 0 |a vývoj hospodársky 
610 2 0 |a politika hospodárska 
610 2 0 |a vzťahy hospodárske vonkajšie 
610 2 0 |a vzťahy obchodné 
610 2 0 |a Juhoafrická republika 
610 2 0 |a Česko 
610 2 0 |a komodity 
610 2 0 |a bilancia platobná 
100 1 |a Malý, Petr